00321nam a2200121Ia 4500008004100000041000800041082001500049100002000064245004500084260003200129300003100161365000700192240624s9999 xx 000 0 und d aeng a658.84 MIC aMICHAEL DAVID C aASIAS DIGITAL DIVIDENDS HOW ASIA PACIFIC c2002aSingaporebJohn Wiley axii, : 174 : p. : cm. ; 24 cRS